<?xml version="1.0" encoding="UTF-8"?>
<record
    xmlns:xsi="http://www.w3.org/2001/XMLSchema-instance"
    xsi:schemaLocation="http://www.loc.gov/MARC21/slim http://www.loc.gov/standards/marcxml/schema/MARC21slim.xsd"
    xmlns="http://www.loc.gov/MARC21/slim">

  <leader>02239nam a2200373 i 4500</leader>
  <controlfield tag="003">DO-SdBNP</controlfield>
  <controlfield tag="005">20260116105540.0</controlfield>
  <controlfield tag="007">ta</controlfield>
  <controlfield tag="008">251112b1997    dr ||||| |||| 00| 0 spa d</controlfield>
  <datafield tag="040" ind1=" " ind2=" ">
    <subfield code="a">DO-SdBNP</subfield>
    <subfield code="b">spa</subfield>
    <subfield code="c">BNPHU</subfield>
    <subfield code="e">rda</subfield>
  </datafield>
  <datafield tag="041" ind1=" " ind2=" ">
    <subfield code="a">spa</subfield>
  </datafield>
  <datafield tag="082" ind1=" " ind2="4">
    <subfield code="a">302</subfield>
    <subfield code="b">M516p </subfield>
    <subfield code="2">22</subfield>
  </datafield>
  <datafield tag="100" ind1="1" ind2=" ">
    <subfield code="a"> Mej&#xED;a-Ricart G., Tirso,</subfield>
    <subfield code="d">1936-2021</subfield>
    <subfield code="q">(Mej&#xED;a-Ricart Guzm&#xE1;n)</subfield>
    <subfield code="e">autor</subfield>
    <subfield code="4">aut.</subfield>
    <subfield code="9">1569</subfield>
  </datafield>
  <datafield tag="245" ind1="1" ind2="0">
    <subfield code="a">Psicolog&#xED;a social y sus aplicaciones :</subfield>
    <subfield code="b">psicolog&#xED;a social b&#xE1;sica /</subfield>
    <subfield code="c">Tirso Mej&#xED;a Ricart.</subfield>
  </datafield>
  <datafield tag="264" ind1=" " ind2="1">
    <subfield code="a">Santo Domingo</subfield>
    <subfield code="b">Universidad Aut&#xF3;noma de Santo Domingo,</subfield>
    <subfield code="c">1997.</subfield>
  </datafield>
  <datafield tag="300" ind1=" " ind2=" ">
    <subfield code="a">volumen ;</subfield>
    <subfield code="c">23 cm.</subfield>
  </datafield>
  <datafield tag="336" ind1=" " ind2=" ">
    <subfield code="a">texto</subfield>
    <subfield code="b">txt</subfield>
    <subfield code="2">rdacontent</subfield>
  </datafield>
  <datafield tag="337" ind1=" " ind2=" ">
    <subfield code="a">sin mediaci&#xF3;n</subfield>
    <subfield code="b">n</subfield>
    <subfield code="2">rdamedia</subfield>
  </datafield>
  <datafield tag="338" ind1=" " ind2=" ">
    <subfield code="a">volumen</subfield>
    <subfield code="b">nc</subfield>
    <subfield code="2">rdacarrier</subfield>
  </datafield>
  <datafield tag="490" ind1="1" ind2=" ">
    <subfield code="a">Publicaciones ded la Universidad Aut&#xF3;noma de santo Domingo;</subfield>
    <subfield code="v">769</subfield>
  </datafield>
  <datafield tag="490" ind1="1" ind2=" ">
    <subfield code="a">Colecci&#xF3;n salud y sociedad</subfield>
    <subfield code="v">21</subfield>
  </datafield>
  <datafield tag="500" ind1=" " ind2=" ">
    <subfield code="a">Incluye &#xED;ndice</subfield>
  </datafield>
  <datafield tag="500" ind1=" " ind2=" ">
    <subfield code="a">Incluye datos biogr&#xE1;ficos del autor en las solapas</subfield>
  </datafield>
  <datafield tag="504" ind1=" " ind2=" ">
    <subfield code="a">Bibliograf&#xED;a : p&#xE1;ginas 489</subfield>
  </datafield>
  <datafield tag="505" ind1="0" ind2=" ">
    <subfield code="a">Perspectivas y recursos de la psicolog&#xED;a social aplicada--</subfield>
    <subfield code="t">Las aplicaciones de la psicolog&#xED;a social  y sus metodos--</subfield>
    <subfield code="t">La din&#xE1;mica de los grupos --</subfield>
    <subfield code="t">La psicolog&#xED;a social aplicada a las artes y los servicios sociales --</subfield>
    <subfield code="t">Psicolog&#xED;a del quehacer art&#xED;stico--</subfield>
    <subfield code="t">Psicolog&#xED;a social de la educaci&#xF3;n --</subfield>
    <subfield code="t">Psicolog&#xED;a de la recreaci&#xF3;n y los deportes--</subfield>
    <subfield code="t">Psicolog&#xED;a, calidad de vida y medio ambiente--</subfield>
    <subfield code="t">Salud, sociedad y comportamiento --</subfield>
    <subfield code="t">Psicolog&#xED;a comunitaria--</subfield>
    <subfield code="t">Psicolog&#xED;a comunitaria--</subfield>
    <subfield code="t">Psicolog&#xED;a de la actividad econ&#xF3;mica y la gerencia--</subfield>
    <subfield code="t">Psicolog&#xED;a de la gerencia--</subfield>
    <subfield code="t">Psicologia social en la industria y el comercio-</subfield>
    <subfield code="t">Psicologia del personal y relaciones del trabajo</subfield>
    <subfield code="t">La propaganda y la publicidad</subfield>
    <subfield code="t">Psicolog&#xED;a pol&#xED;tica y jur&#xED;dica--</subfield>
    <subfield code="t">La conducta pol&#xED;tica--</subfield>
    <subfield code="t">Psicolog&#xED;a del conflicto y la negociaci&#xF3;n</subfield>
    <subfield code="t">Psicolog&#xED;a jur&#xED;ca.</subfield>
  </datafield>
  <datafield tag="590" ind1=" " ind2=" ">
    <subfield code="a">Inventariado, 2025/BT</subfield>
  </datafield>
  <datafield tag="650" ind1=" " ind2="4">
    <subfield code="a">Psicolog&#xED;a social </subfield>
    <subfield code="9">1574</subfield>
  </datafield>
  <datafield tag="650" ind1=" " ind2="0">
    <subfield code="a">Psicolog&#xED;a aplicada </subfield>
    <subfield code="9">1579</subfield>
  </datafield>
  <datafield tag="650" ind1=" " ind2="4">
    <subfield code="a">Actitud (Psicolog&#xED;a) </subfield>
    <subfield code="9">852</subfield>
  </datafield>
  <datafield tag="650" ind1=" " ind2="4">
    <subfield code="a">Conducta colectiva</subfield>
    <subfield code="9">12036</subfield>
  </datafield>
  <datafield tag="830" ind1=" " ind2=" ">
    <subfield code="a">Publicaciones de la Univesidad Aut&#xF3;noma de Santo Domingo;</subfield>
    <subfield code="v">769</subfield>
    <subfield code="p">Colecci&#xF3;n salud y sociedad</subfield>
    <subfield code="n">21</subfield>
    <subfield code="9">88784</subfield>
  </datafield>
  <datafield tag="910" ind1=" " ind2=" ">
    <subfield code="a">Validado. Control de calidad MFF</subfield>
  </datafield>
  <datafield tag="942" ind1=" " ind2=" ">
    <subfield code="2">ddc</subfield>
    <subfield code="c">LBS1</subfield>
  </datafield>
  <datafield tag="952" ind1=" " ind2=" ">
    <subfield code="0">0</subfield>
    <subfield code="1">0</subfield>
    <subfield code="2">ddc</subfield>
    <subfield code="5">1</subfield>
    <subfield code="7">0</subfield>
    <subfield code="8">PD</subfield>
    <subfield code="a">BNPHU</subfield>
    <subfield code="b">BNPHU</subfield>
    <subfield code="c">HD</subfield>
    <subfield code="d">2025-11-12</subfield>
    <subfield code="e">Donado por FUNDI</subfield>
    <subfield code="l">0</subfield>
    <subfield code="o">BNPHU PD 302 M516p </subfield>
    <subfield code="p">2025-12977</subfield>
    <subfield code="r">2025-11-12</subfield>
    <subfield code="t">v.3</subfield>
    <subfield code="w">2025-11-12</subfield>
    <subfield code="y">LBS1</subfield>
  </datafield>
  <datafield tag="952" ind1=" " ind2=" ">
    <subfield code="0">0</subfield>
    <subfield code="1">0</subfield>
    <subfield code="2">ddc</subfield>
    <subfield code="5">1</subfield>
    <subfield code="7">0</subfield>
    <subfield code="8">PD</subfield>
    <subfield code="a">BNPHU</subfield>
    <subfield code="b">BNPHU</subfield>
    <subfield code="c">HD</subfield>
    <subfield code="d">2025-11-12</subfield>
    <subfield code="e">Donado por Ilonka Nacidit Perdomo</subfield>
    <subfield code="l">0</subfield>
    <subfield code="o">BNPHU PD 302 M516p </subfield>
    <subfield code="p">2025-12978</subfield>
    <subfield code="r">2025-11-12</subfield>
    <subfield code="t">v.3, e.2</subfield>
    <subfield code="w">2025-11-12</subfield>
    <subfield code="y">LBS1</subfield>
  </datafield>
  <datafield tag="999" ind1=" " ind2=" ">
    <subfield code="c">60030</subfield>
    <subfield code="d">60030</subfield>
  </datafield>
</record>
